| 000 | 00646nam a22001697a 4500 | ||
|---|---|---|---|
| 020 | _a0-8306-3330-8 | ||
| 041 | _aeng | ||
| 080 | _a80 | ||
| 090 | _bROT | ||
| 100 | _aRothman, David H. | ||
| 245 | _aWordStar in a day. | ||
| 260 |
_bWindcrest _c1991 |
||
| 300 | _a322 | ||
| 520 |
_aYou can master WordStar 5.5 or 6.0 quickly and easily, learning from David H. Rothman, one of the microcomputing worlds best instructors. With WordStar in a Day, youll get up and running fast, picking up a wealth of WordStar shortcuts along the way that youll find nowhere else. _0MS-DOS,Xy-WRITE, wordPerfect, Laser Jet |
||
| 650 | _aScience | ||
| 999 |
_c279321 _d279321 |
||
| 942 | _cBK | ||